00306nam a2200121 a 450000500170000000800410001702000180005805000210007610000150009724500410011226000100015365000210016320140414093848.0110321s19uu xx 00 eng d a9788477118428 aCD 460bEs6 2009 aCastro, F. 0aNuevo ven :blibro del alumno 2 CD2. c2009. aSpanish language